Najlepsze kluby które nie wygrały ligi mistrzów - Statystyki

Ogólne statystyki
  • Ten quiz został rozwiązany 596 razy
  • Średni wynik to 9 z 15
Statystyki odpowiedzi
Kraj Odpowiedź % Poprawnych
Francja Psg
96%
Anglia Arsenal
77%
Hiszpania Atletico
76%
Anglia Tottenham
72%
Portugalia Sporting
71%
Włochy Napoli
65%
Francja Lyon
62%
Anglia Manchester City
62%
Włochy Roma
61%
Hiszpania Sevilla
60%
Szkocja Rangers
58%
Francja Monaco
52%
Niemcy Bayer Leverkusen
44%
Niemcy Rb Lipsk
40%
Hiszpania Villareal
34%
Nie znaleziono quizów pasujących do podanych kryteriów
Rozkład punktacji
Procent ludzi z każdym wynikiem
Percentyl według liczby udzielonych odpowiedzi
Twoja historia wyników
Nie rozwiązałeś tego quizu